000 00634nam a2200277Ia 4500
005 20260324143109.0
008 008 260324s9999 xx 000 0 eng d
020 _a9780203743300
037 _aEBOOK
040 _aCRL
040 _beng
040 _cCRL
041 _2eng
041 _aeng
084 _qCRL
100 _aM.V Nezlin
_91214368
245 0 _aPhysics of Intense Beams in Plasmas
260 _bTaylor and Francis
260 _c1993
365 _a
365 _b560
856 _uhttp://www.taylorfrancis.com/books/9780203743300
942 _cEBOOK
999 _c1819373
_d1819373